000 00483nam a2200181Ia 4500
999 _c22750
_d22750
001 22494
003 OSt
005 20190404123558.0
008 140409s9999 xx 000 0 und d
020 _a0-7483-43903
040 _cPK-LaUMT
082 _a 657.3
_bACCA-P2.5
245 _aFinancial reporting (International stream) [ACCA textbook, paper 2.5, part-2]
260 _aMiddlesex,UK:
_bFoulks Lynch Ltd.,
_c2001
300 _a411 p.
546 _aEN
942 _cWEEDED OUT
_2ddc